| 000 | 01529nam1a2200373 i 4500 | ||
|---|---|---|---|
| 001 | RU\NLR\bibl\1820878 | ||
| 005 | 20260406103744.0 | ||
| 035 | _a(NLR Aleph) 001811435 | ||
| 090 |
_a1877309 _c1877309 |
||
| 100 | _a20111017g20119999u y0rusy50 ca | ||
| 101 | 1 |
_arus _ceng |
|
| 102 | _aRU | ||
| 105 | _a||||z ||||| | ||
| 200 | 1 |
_aДневники Стефана _eна основе романов Л. Дж. Смит и телевизионного сериала _f[пер. с англ.: Н. Чубова] |
|
| 210 |
_aМосква _cАСТ _aСанкт-Петербург _cАстрель-СПб _d2011 |
||
| 215 | _d17 | ||
| 225 | 1 |
_aДневники вампира _dThe vampires diaries _zeng |
|
| 300 | _aНа обороте тит. л. в макете загл.: Дневники вампира. Дневники Стефана | ||
| 463 | 0 | _10011808800 | |
| 463 | 0 | _10011838640 | |
| 463 | 0 | _10011994158 | |
| 463 | 0 | _10012009230 | |
| 463 | 0 | _10012046410 | |
| 500 | 1 | 0 |
_aДневники вампира _lТелесериал |
| 510 | 0 |
_aStefan's diaries _zeng |
|
| 517 | 0 | _aДневники вампира. Дневники Стефана | |
| 686 | 1 | _aШ6(7США)67-445{Лх1979-62} | |
| 702 | 1 |
_4570 _8rus _7ca _aСмит _bЛ. Д. _cписатель _f1965-2025 _gЛиза Джейн _3RU\NLR\auth\7791997 _974924 |
|
| 801 | 0 |
_aRU _bNLR _c20111017 _gRCR |
|
| 801 | 1 |
_aRU _bNLR _c20111017 |
|
| 852 |
_aNLR _j2011-2/3608 |
||
| 942 | _cBOOK | ||